Academic culture/ (Record no. 4847)
[ view plain ]
| 000 -LEADER | |
|---|---|
| fixed length control field | 00789nac a22002051u 4500 |
| 008 - FIXED-LENGTH DATA ELEMENTS--GENERAL INFORMATION | |
| fixed length control field | 120115s2007 uk|||||r|||| 00| 0 eng d |
| 020 ## - INTERNATIONAL STANDARD BOOK NUMBER | |
| International Standard Book Number | 9781859649169 |
| 082 ## - DEWEY DECIMAL CLASSIFICATION NUMBER | |
| Classification number | 371.30281 |
| Item number | NUK |
| Edition number | 22 |
| 100 ## - MAIN ENTRY--PERSONAL NAME | |
| Personal name | Nukui, Clare |
| 9 (RLIN) | 28383 |
| 245 ## - TITLE STATEMENT | |
| Title | Academic culture/ |
| Statement of responsibility, etc | Clare Nukui with Lucy Norris & Fiona McGarry |
| Name of part/section of a work | Course book |
| Number of part/section of a work | Module 2 |
| 260 ## - PUBLICATION, DISTRIBUTION, ETC. (IMPRINT) | |
| Place of publication, distribution, etc | London: |
| Name of publisher, distributor, etc | Garnet pub.,2007 |
| Date of publication, distribution, etc | 2007 |
| 300 ## - PHYSICAL DESCRIPTION | |
| Extent | 30p.: |
| Other physical details | ill.; |
| Dimensions | 26 cm. |
| 440 ## - | |
| -- | University foundation study |
| -- | 28384 |
| 650 ## - SUBJECT ADDED ENTRY--TOPICAL TERM | |
| Topical term or geographic name as entry element | Study skills |
| 9 (RLIN) | 28385 |
| 650 ## - SUBJECT ADDED ENTRY--TOPICAL TERM | |
| Topical term or geographic name as entry element | Life skills |
| 9 (RLIN) | 28386 |
| 700 ## - ADDED ENTRY--PERSONAL NAME | |
| Personal name | Norris, Lucy |
| 9 (RLIN) | 28387 |
| 700 ## - ADDED ENTRY--PERSONAL NAME | |
| Personal name | McGarry, Fiona |
| 9 (RLIN) | 28388 |
| 942 ## - ADDED ENTRY ELEMENTS (KOHA) | |
| Item type | NB - Book (Non borrowing) |
| Call number prefix | 371.30281N968 |
| Source of classification or shelving scheme | Dewey Decimal Classification |
| Withdrawn status | Item status | Damaged status | Not for loan | Home library | Current library | Shelving location | Date acquired | Source of acquisition | Total Checkouts | Full call number | Barcode | Date last seen | Koha item type |
|---|---|---|---|---|---|---|---|---|---|---|---|---|---|
| Central Library | Central Library | First floor | 25/09/2007 | Purchase | 371.30281 NUK | 000006064 | 15/07/2025 | NB - Book (Non borrowing) | |||||
| Central Library | Central Library | First floor | 25/09/2007 | Purchase | 371.30281 NUK | 000006063 | 15/07/2025 | Book - Borrowing |